|
|
|
|
| LEADER |
00000nam2a2200000 4500 |
| 001 |
245990 |
| 005 |
20250423063230.0 |
| 035 |
|
|
|a (RuTPU)RU\TPU\book\267428
|
| 090 |
|
|
|a 245990
|
| 100 |
|
|
|a 20131121d1956 k y0rusy50 ca
|
| 101 |
0 |
|
|a rus
|
| 102 |
|
|
|a RU
|
| 105 |
|
|
|a a z 101zy
|
| 200 |
0 |
|
|a Вып. 8 : Материалы по геологии и полезным ископаемым. Ч. 1
|
| 210 |
|
|
|d 1956
|
| 215 |
|
|
|a 340 с.
|c ил.
|
| 225 |
1 |
|
|a Новая серия. Геология и полезные ископаемые
|
| 320 |
|
|
|a Библиография в конце статей
|
| 461 |
|
1 |
|0 (RuTPU)RU\TPU\retro\11720
|t Материалы Всесоюзного научно-исследовательского геологического института (ВСЕГЕИ)
|o [сборник статей]
|f Всесоюзный научно-исследовательский геологический институт (ВСЕГЕИ)
|v Вып. 8 : Материалы по геологии и полезным ископаемым. Ч. 1
|d 1947-1961
|
| 500 |
1 |
0 |
|a Труды Всесоюзного научно-исследовательского геологического института
|9 88882
|
| 606 |
1 |
|
|a Геология
|2 stltpush
|3 (RuTPU)RU\TPU\subj\6095
|9 34054
|
| 606 |
1 |
|
|a Полезные ископаемые
|x Образование месторождений
|2 stltpush
|3 (RuTPU)RU\TPU\subj\42181
|9 61887
|
| 610 |
1 |
|
|a рудные месторождения
|
| 610 |
1 |
|
|a генезис
|
| 610 |
1 |
|
|a петрология
|
| 610 |
1 |
|
|a минералогия
|
| 610 |
1 |
|
|a геофизические исследования
|
| 610 |
1 |
|
|a углепетрография
|
| 610 |
1 |
|
|a соленосность
|
| 610 |
1 |
|
|a тектоника
|
| 675 |
|
|
|a 550
|v 3
|
| 675 |
|
|
|a 553
|v 3
|
| 801 |
|
1 |
|a RU
|b 63413507
|c 20131121
|
| 801 |
|
2 |
|a RU
|b 63413507
|c 20200622
|g RCR
|
| 850 |
|
|
|a 63413507
|
| 942 |
|
|
|c CR
|